logo

Bir Sreshtho Munshi Abdur Rouf Library
Jhenaidah Cadet College

Better hockey / (Record no. 10040)

MARC details
000 -LEADER
fixed length control field 00968nam a2200301 i 4500
001 - CONTROL NUMBER
JCCL Control Number 10040
003 - CONTROL NUMBER IDENTIFIER
JCCL marc code BD-JhCC
005 - DATE AND TIME OF LATEST TRANSACTION
control field 20191214130949.0
008 - FIXED-LENGTH DATA ELEMENTS--GENERAL INFORMATION
fixed length control field 180404s1976 enka 000 0 eng
020 ## - INTERNATIONAL STANDARD BOOK NUMBER
International Standard Book Number 0718214455 :
Terms of availability ($10.50 U.S.)
035 ## - SYSTEM CONTROL NUMBER
system control number (BD-JhCC)10040
040 ## - CATALOGING SOURCE
Original cataloging agency DLC
Transcribing agency DLC
Modifying agency DLC
-- BD-JhCC
041 ## - LANGUAGE CODE
Language code of Book eng
050 00 - LIBRARY OF CONGRESS CALL NUMBER
Classification number GV1017.H7
Item number R42 1976
082 00 - DEWEY DECIMAL CLASSIFICATION NUMBER
Classification number 796.35/5
Author mark and Year POO 1967
100 1# - MAIN ENTRY--PERSONAL NAME
Personal name Poole, Geoff
245 10 - TITLE STATEMENT
Title Better hockey /
Statement of responsibility, etc Geoff Poole
250 ## - EDITION STATEMENT
Edition statement Rev. ed., with 92 photos.
260 ## - PUBLICATION, DISTRIBUTION, ETC. (IMPRINT)
Place of publication, distribution, etc London :
Name of publisher, distributor, etc Kaye & Ward,
Date of publication, distribution, etc 1976.
300 ## - PHYSICAL DESCRIPTION
Pagination 125 p. :
Other physical details ill. ;
Dimensions 23 cm.
500 ## - GENERAL NOTE
General note Stamped on t.p.: Distributed by Sportshelf, New Rochelle, N.Y.
520 ## - SUMMARY, ETC.
Summary, etc Discusses basic techniques and game strategies of field hockey emphasizing skillful individual play.
650 #0 - SUBJECT ADDED ENTRY--TOPICAL TERM
Topical term or geographic name as entry element Field hockey.
650 #1 - SUBJECT ADDED ENTRY--TOPICAL TERM
Topical term or geographic name as entry element Field hockey.
710 2# - ADDED ENTRY--CORPORATE NAME
Corporate name or jurisdiction name as entry element All England Women's Hockey Association.
Subordinate unit Coaching Sub-Committee.
942 ## - ADDED ENTRY ELEMENTS (KOHA)
Source of classification or shelving scheme Dewey Decimal Classification
Koha item type Reference
Holdings
Source of classification or shelving scheme Damaged status Not for loan Home library Current library Shelving location Date of accession Total Checkouts Full call number Barcode Date last seen Copy number Koha item type
Dewey Decimal Classification     JCC Rouf Library JCC Rouf Library General Stacks 04/04/2018   796.35/5 POO 1967 13037 04/04/2018 C-1 Reference

JCC Library | Contacts | JCC Home

Last Update on 23 September 2017
Copyright @ 2017-2020 JCC Rouf Library
Rouf Library, Jhenidah Cadet College (JCC), Bangladesh